| 000 | 00476nam a2200181Ia 4500 | ||
|---|---|---|---|
| 001 | 20602 | ||
| 005 | 20260306172818.0 | ||
| 008 | 260306t1957||||xx |||||||||||||| ||spa|| | ||
| 041 | _aESP | ||
| 082 |
_a343.41 _bL531 |
||
| 100 |
_aLéauté, Jacques _eAUT |
||
| 245 | 0 |
_aSecret militaire et liberté de la presse: _bétude de droit pénal comparé |
|
| 260 | _c1957 | ||
| 300 |
_axv, 126 páginas : _c22 cm. |
||
| 650 | _aGEN | ||
| 654 | _aCDE | ||
| 942 |
_cLIB _dJUS _fJUS _2ddc _n |
||
| 999 |
_c20602 _d20602 |
||